| 000 -CABECERA |
| Longitud fija campo de control |
00596nam a2200205 a 4500 |
| 001 - NÚMERO DE CONTROL |
| Número de control |
2697 |
| 003 - IDENTIFICADOR DEL NÚMERO DE CONTROL |
| Identificador del número de control |
CDMR |
| 005 - FECHA Y HORA DE LA ÚLTIMA TRANSACCIÓN |
| Fecha y hora de la última transacción |
20131014133628.0 |
| 008 - CÓDIGOS DE INFORMACIÓN DE LONGITUD FIJA |
| Códigos de información de longitud fija |
130130s1972||||||||||||||||||||||||||||d |
| 020 ## - NÚMERO INTERNACIONAL NORMALIZADO PARA LIBROS |
| Número Internacional Normalizado para Libros (ISBN) |
8429900381 |
| 040 ## - FUENTE DE LA CATALOGACIÓN |
| Centro catalogador de origen |
CDMR |
| Lengua de catalogación |
cat |
| Centro transcriptor |
CDMR |
| 100 1# - PUNTO DE ACCESO PRINCIPAL-NOMBRE DE PERSONA |
| Nombre de persona |
Fontan, Antonio |
| 9 (RLIN) |
2022 |
| 245 10 - MENCIÓN DE TÍTULO |
| Título |
Madrid, página tres |
| Mención de responsabilidad, etc. |
A. Fontán, F. Burguera y A. de Miguel |
| 260 ## - PUBLICACIÓN, DISTRIBUCIÓN, ETC. (PIE DE IMPRENTA) |
| Lugar de publicación, distribución, etc. |
Madrid |
| Fecha de publicación, distribución, etc. |
1972 |
| Nombre del editor, distribuidor, etc. |
Seminarios y Ediciones |
| 490 0# - MENCIÓN DE SERIE |
| Mención de serie |
Hora H. |
| -- |
Ensayos y documentos |
| Designación de volumen o secuencia |
34 |
| 610 2# - PUNTO DE ACCESO ADICIONAL DE MATERIA - NOMBRE DE ENTIDAD CORPORATIVA |
| 9 (RLIN) |
3411 |
| Nombre de entidad corporativa o nombre de jurisdicción como elemento inicial |
Madrid (Diari) |
| 700 1# - PUNTO DE ACCESO ADICIONAL - NOMBRE DE PERSONA |
| 9 (RLIN) |
4052 |
| Nombre de persona |
Burguera, Francesc de P. |
| 700 1# - PUNTO DE ACCESO ADICIONAL - NOMBRE DE PERSONA |
| 9 (RLIN) |
2495 |
| Nombre de persona |
Miguel, Amando de |
| 942 ## - ENTRADA DE ELEMENTOS AGREGADOS (KOHA) |
| Koha [por defecto] tipo de item |
Monografies |
| Fuente de clasificaión o esquema |
|